Use of palm-based metallic soaps as processing aids in rubber compounding (Record no. 71884)

MARC details
000 -LEADER
fixed length control field 00454nam a2200133Ia 4500
100 ## - MAIN ENTRY--AUTHOR NAME
Personal name Ibrahim Bin Mohamed
245 #0 - TITLE STATEMENT
Title Use of palm-based metallic soaps as processing aids in rubber compounding
260 ## - PUBLICATION, DISTRIBUTION, ETC. (IMPRINT)
Name of publisher Proceedings of the International Rubber Technology Conference, Malaysia 1988; p306-339
650 ## - SUBJECT ADDED ENTRY--TOPICAL TERM
Topical Term Rubber compounding
700 ## - ADDED ENTRY--PERSONAL NAME
Personal name Hamirin Bin Abd Kifli
700 ## - ADDED ENTRY--PERSONAL NAME
Personal name Long O E
942 ## - ADDED ENTRY ELEMENTS (KOHA)
Koha item type Journals
Holdings
Withdrawn status Lost status Damaged status Not for loan Home library Current library Shelving location Date acquired Koha item type
      Journals RRII Library RRII Library Rubber chemistry 17/12/2021 Journals